Perfiles : revista de la ONCE revista de la ONCE
Descripción Física:
1 vol. ; il·lustracions i fotografies color ; periodicitat: mensual 28 cm
Idioma:
Español
MARC
| LEADER | 00000nas a2200000 a 4500 | ||
|---|---|---|---|
| 001 | 28154 | ||
| 003 | AGDB | ||
| 005 | 20260324180057.0 | ||
| 008 | 160829s9999 xx 000 0 cat d | ||
| 017 | |a M 33686-1985 | ||
| 040 | |a agdb |b cat | ||
| 041 | |a spa | ||
| 080 | |a Revistes | ||
| 245 | |a Perfiles : |b revista de la ONCE | ||
| 260 | |a Madrid : |b la ONCE ; |c [1985- ] | ||
| 300 | |a 1 vol. ; |b il·lustracions i fotografies color ; periodicitat: mensual |c 28 cm | ||
| 310 | |a Mensual | ||
| 362 | |a No. 1 (oct. 1985)- | ||
| 500 | |a Descripció basada en: Jul. (1992). | ||
| 500 | |a A la portada: Paralímpics, Barcelona '92. | ||
| 611 | 2 | 0 | |a Jocs Paralímpics |n (9ns : |d 1992 : |c Barcelona, Catalunya) |x Revistes |9 54276 |
| 655 | 0 | |9 55823 |a Revistes | |
| 710 | |9 59167 |a ONCE | ||
| 866 | |a 1992 (jul. extraordinari: especial paralimpiada) | ||
| 901 | |a Arxiu | ||
| 942 | |n 1 |2 udc |c REV | ||
| 952 | |0 0 |1 0 |2 udc |4 0 |6 REV2267 |7 1 |9 52699 |a Arxiu |b Arxiu |d 2023-08-07 |h Núm. especial paralimpíada (juliol 1992) |o Rev-2267 |p 28154 |r 2016-12-01 00:00:00 |w 2016-12-01 |y ARXIU | ||
| 999 | |c 56548 |d 56548 | ||